| 000 | 00531nam a2200157 i 4500 | ||
|---|---|---|---|
| 001 | 34219 | ||
| 003 | ES-MaACL | ||
| 007 | t| | ||
| 008 | 030204m18611867it ||||1| ita d | ||
| 100 | 1 |
_aBoggio, Pier Carlo. _929802 |
|
| 245 | 1 | 0 |
_aStoria politico-militare della Guerra dell'Indipendenza italiana (1859-1860) _b: compilada un documenti e relazioni autentiche dall'avocato / _cPier Carlo Boggio. |
| 250 | _a2ยช ed. | ||
| 260 |
_aTorino : _bSebastiano Franco, _c1861-67. |
||
| 300 |
_a3 v. ; _c28 cm. |
||
| 852 |
_aES-MaACL _jG-3011-3 |
||
| 999 |
_c34219 _d34219 |
||